Statystyki dla Co oprócz butów kupimy w sklepie obuwniczym?

Kliknij tutaj aby rozwiązać quiz!

Ogólne statystyki

  • Ten quiz został rozwiązany 17 razy
  • Średni wynik to 2 z 5

Statystyki odpowiedzi

Odpowiedź% Poprawnych
Sznurówki
80%
Wkładki do butów
73%
Skarpetki
53%
Pastę do butów
40%
Podpiętki
0%

Rozkład punktacji

Percentyl według liczby udzielonych odpowiedzi

Procent ludzi z każdym wynikiem

Twoja historia wyników

Nie rozwiązałeś tego quizu